Score 0/27 Timer 03:00
1 Play Today
Hint 4-Letter Word % Correct
What ice does in the summerMELT
95.5%
Sign found at intersectionSTOP
93.6%
'_____ 'til you drop'SHOP
92.7%
Chicken's homeCOOP
92.6%
What you do to firewoodCHOP
91.6%
Medicinal plant for sunburnsALOE
89.3%
Particle that makes up everythingATOM
89%
At the summitATOP
89%
Payment for breaking the lawFINE
88.3%
Connects two pointsLINE
87.7%
One side of a highwayLANE
86.1%
Germinated barley used in brewingMALT
85.1%
Glacial paceSLOW
83.9%
Young male horseCOLT
83.3%
Hint 4-Letter Word % Correct
Ancient IrishmanCELT
82.3%
Type of waterfowlCOOT
77.9%
Open area of Washington, D.C.MALL
77.3%
Mayan sky god from the Popol VuhALOM
75.2%
Del Ray or TurnerLANA
72.6%
Ice movement within a glacierFLOW
66.4%
Sheet of sea iceFLOE
65.8%
ConflagrationFIRE
48.3%
Glacier growth process (Part 1)SNOW
37.7%
Glacier growth process (Part 2)FALL
33.5%
With 'land', meaning knocked outLALA
32.7%
FDR's Scottish TerrierFALA
26.4%
[Rung 1] that survived a melt seasonFIRN
5.8%

Today's Daily Dose

Missing Word
'T' Pairs

Word Ladder
Game Pieces

Get the Picture
Baseball Movies

Remove Ads.
Support Sporcle.
Get the best of Sporcle when you Go Orange. This ad-free experience offers more features, more stats, and more fun while also helping to support Sporcle. Thank you for becoming a member.

You're not logged in!

Compare scores with friends on all Sporcle quizzes.
OR
Log In

Show Comments

Extras

Top Quizzes Today


Score Distribution

Your Account Isn't Verified!

In order to create a playlist on Sporcle, you need to verify the email address you used during registration. Go to your Sporcle Settings to finish the process.

Report this User

Report this user for behavior that violates our Community Guidelines.

Details: